Ganadores de la Champions League por Primer Logo - Estadísticas

Estadísticas generales
  • Esta prueba ha sido intentada 33 veces
  • La puntuación promedio es 13 de 24
Estadísticas de respuestas
Imagen Respuesta % Correcto
Inter de Milán
100%
Benfica
97%
FC Barcelona
86%
Juventus
86%
Estrella Roja
83%
Real Madrid
83%
AC Milán
79%
Liverpool
72%
Olympique de Marsella
72%
Ajax
62%
Steaua București
59%
Borussia Dortmund
55%
Chelsea
55%
Feyenoord
52%
Manchester United
52%
FC Oporto
45%
Manchester City
45%
Paris Saint-Germain
38%
Aston Villa
34%
Nottingham Forest
34%
Celtic
24%
PSV Eindhoven
21%
Bayern de Múnich
7%
Hamburgo SV
7%
No se encontraron pruebas coincidentes
Distribución de puntuación
Porcentaje de gente con cada puntuación
Porcentaje por número respondido
Historial de tus puntuaciones
No has intentado esta prueba.